| 000 | 00510nam a2200193Ia 4500 | ||
|---|---|---|---|
| 999 |
_c9546 _d9546 |
||
| 003 | OSt | ||
| 005 | 20191223141227.0 | ||
| 008 | 190216s9999||||xx |||||||||||||| ||und|| | ||
| 020 | _a0706914589 | ||
| 040 | _coclc | ||
| 082 |
_a336 _bBHA/P |
||
| 100 |
_aBhatia, H L _9563 |
||
| 245 | 0 |
_aPublic Finance / _cH L Bhatia |
|
| 250 | _a6th ed. | ||
| 260 |
_bVikas Publishing House, _aNew Delhi: _c1982. |
||
| 300 | _a614p | ||
| 650 | _aEconomics | ||
| 942 |
_cBK _2ddc _h336 _iBHA/P _k336 _mBHA/P |
||